000 00679nam a22001937a 4500
005 20251108165207.0
008 250721s1995 xx 000 0 ara d
082 1 4 _a956/جبر
100 1 _aالجبري، عبد المتعال محمد
245 1 0 _aالإستشراق وجه للإستعمار الفكري :
_bدراسة في تاريخ الإستشراق و أهدافه ...... /
264 1 _aالقاهرة :
_bمكتبة وهبه،
_c1995.
300 _a295ص
650 1 7 _aالإستشراق و المستشرقون
650 1 7 _aاللغة العربية
650 1 7 _aالإسلام
650 1 7 _aالغوز الفكري
942 _2ddc
_cBK
999 _c21766
_d21766